=LDR 00000nam 2200000 4500 =001 INLIS000000000032340 =005 20200910090539 =035 ##$$a 0010-061300000032340 =008 200910################g##########0#ind## =041 ##$$a ind =082 ##$$a 2x7.4 =090 ##$$a 2x7.4, Isl i =245 1#$$a Islam madzhab tengah : $b Persembahan 70 tahun Tarmizi Taher /$c Editor, hery Sucipto =260 ##$$a Jakarta :$b Grafindo Khazanah Ilmu,$c 2007 =300 ##$$a 527 hlm : $b Ilus ; $c 23 x 15 cm =650 #4$$a Pembaharuan-Islam =700 #$$a Sucipto, Hery =850 ##$$a NBPNMAT =020 ##$$a 979-3858-07-9 =084 ##$$a 2x7.4 ISL i =100 #$$a Islam madzhab tengah =250 ##$$a cet.1 =990 ##$$a 2101267 =990 ##$$a 2101265 =990 ##$$a 2101266 =990 ##$$a 2101285